LEADER 01719oam 2200433 a 450 001 9910696799003321 005 20080929162716.0 035 $a(CKB)5470000002380877 035 $a(OCoLC)227337788 035 $a(EXLCZ)995470000002380877 100 $a20080509d2008 ua 0 101 0 $aeng 135 $aurmn||||||||| 181 $ctxt$2rdacontent 182 $cc$2rdamedia 183 $acr$2rdacarrier 200 00$aUranium in surface waters and sediments affected by historical mining in the Denver West 1:100,000 quadrangle, Colorado$b[electronic resource] /$fby Robert A. Zielinski ... [and others] 205 $aVersion 1.0. 210 1$aReston, Va. :$cU.S. Dept. of the Interior, U.S. Geological Survey,$d2008. 215 $avi, 54 pages $cdigital, PDF file 225 1 $aScientific investigations report ;$v2007-5246 300 $aTitle from PDF title screen (viewed on May 8, 2008). 320 $aIncludes bibliographical references (pages 47-50). 517 $aUranium in surface waters and sediments affected by historical mining in the Denver West 1 606 $aWater$xPollution$zFront Range (Colo. and Wyo.) 606 $aMine drainage$zFront Range (Colo. and Wyo.) 606 $aUranium$xMigration$zFront Range (Colo. and Wyo.) 615 0$aWater$xPollution 615 0$aMine drainage 615 0$aUranium$xMigration 701 $aZielinski$b Robert A$01422156 712 02$aGeological Survey (U.S.) 801 0$bGIS 801 1$bGIS 801 2$bGPO 906 $aBOOK 912 $a9910696799003321 996 $aUranium in surface waters and sediments affected by historical mining in the Denver West 1:100,000 quadrangle, Colorado$93548461 997 $aUNINA LEADER 01845nam 2200445z- 450 001 9910557856503321 005 20231214133356.0 035 $a(CKB)5400000000048248 035 $a(oapen)https://directory.doabooks.org/handle/20.500.12854/80068 035 $a(EXLCZ)995400000000048248 100 $a20202204d2009 |y 0 101 0 $aeng 135 $aurmn|---annan 181 $ctxt$2rdacontent 182 $cc$2rdamedia 183 $acr$2rdacarrier 200 10$aHistori?ni seminar 7 210 $aLjubljana$cZRC SAZU, Zalo?ba ZRC$d2009 215 $a1 electronic resource (111 p.) 311 $a961-254-140-X 311 $a961-254-139-6 330 $aZbornik prina?a zanimive prispevke treh slovenskih in dveh tujih avtorjev, v katerih lahko izvemo ve? o za?etkih kranjskega prelatskega stanu (avtor Andrej Nared), habsbur?kem Redu zlatega runa in njegovem vplivu na moderno kulturo Evropske unije (Glen Covert), mladih muslimanih v urbani Burkini Faso (Liza Debevec), argentinski pisateljici Vlady Kociancich (Aída Nadi Gambetta Chuk) in italijansko-slovenskih kulturnih stikih v 16. stoletju (Francka Premk). Razprave poleg strokovnjakov nagovarjajo tudi ?ir?i krog ljubiteljev humanistike in dru?boslovja. 606 $aHistory: theory & methods$2bicssc 610 $acollective volume 610 $acultural history 610 $ahistoriography 610 $ahistory 610 $akulturna zgodovina 610 $azborniki 610 $azgodovina 610 $azgodovinopisje 615 7$aHistory: theory & methods 700 $a?agar Karer$b Mojca$4edt$01240771 702 $a?ter$b Katarina$4edt 702 $a?agar Karer$b Mojca$4oth 702 $a?ter$b Katarina$4oth 906 $aBOOK 912 $a9910557856503321 996 $aHistori?ni seminar 7$93026281 997 $aUNINA